| 000 | 00744nam a22002297a 4500 | ||
|---|---|---|---|
| 005 | 20170124110116.0 | ||
| 010 | _aA-705703 | ||
| 020 |
_c00.00 _a8174760199 |
||
| 035 | _aA-705703 | ||
| 037 | _bCen Lib/Ret | ||
| 040 |
_aDPL _bEN |
||
| 082 |
_a954.11 _bKHU |
||
| 100 |
_aKhurshid, Salman _929982 |
||
| 245 |
_aBeyond terrorism : _cby Salman Khurshid _bnew hope for Kashmir / |
||
| 260 |
_aNew Delhi _bUBS Publishers _c1995 |
||
| 270 |
_bNew Delhi _a5, Ansari Road, Darya Ganj _e110002 |
||
| 300 |
_aix,161p. _c21cm(Hb) |
||
| 500 | _aIncludes index | ||
| 650 |
_aJammu and Kashmir (India) -- Politics and government _973173 |
||
| 650 |
_aTerrorism -- India -- Jammu and Kashmir _929984 |
||
| 942 |
_2ddc _cEN _h954.11 _mKHU |
||
| 999 |
_c130739 _d130739 |
||